Los misterios de la Torre de San Juan o Los caballeros templarios / (Record no. 159833)

MARC details
000 -LEADER
campo de control de longitud fija 00528nam a2200145 i 4500
001 - NÚMERO DE CONTROL
campo de control 159833
003 - IDENTIFICADOR DE NÚMERO DE CONTROL
campo de control ES-MaACL
005 - FECHA Y HORA DE LA ÚLTIMA TRANSACCIÓN
campo de control 20230906211824.0
008 - DATOS DE LONGITUD FIJA--INFORMACIÓN GENERAL
campo de control de longitud fija 990701s1849 sp |||| | spa d
245 04 - MENCIÓN DEL TÍTULO
Título Los misterios de la Torre de San Juan o Los caballeros templarios /
Mención de responsabilidad, etc. novela traducida del francés.
246 30 - FORMA VARIANTE DEL TITULO
Título propio/Titulo breve Los caballeros templarios
260 ## - PUBLICACIÓN, DISTRIBUCIÓN, ETC.
Lugar de publicación, distribución, etc. Madrid :
Nombre del editor, distribuidor, etc. [s.n.],
Fecha de publicación, distribución, etc. 1849 (
Fabricante Imp. de José María Alonso)
300 ## - DESCRIPCIÓN FÍSICA
Extensión 1 v. (VIII, 281 ; 367 p.) ;
Dimensiones 16 cm.
852 ## - LOCALIZACIÓN
Ubicación ES-MaACL
Número de control de estantería D-3876
Nota libre - Enc. hol.
-- - 2 t. en 1 v.
Holdings
Estatus retirado Estado de pérdida Estado de daño No para préstamo Colección Biblioteca de origen Biblioteca actual Ubicación en estantería Fecha de adquisición Fuente de adquisición Total de préstamos Signatura topográfica completa Código de barras Visto por última vez Precio de reemplazo Tipo de ítem Koha
        Libros del s. XIX Biblioteca del Ateneo de Madrid Biblioteca del Ateneo de Madrid Sala Valle Inclán 17/01/2008     D-3876 901167322 23/02/2023 23/02/2023 Libro impreso antiguo